| 000 | 00638nam a2200217Ia 4500 | ||
|---|---|---|---|
| 003 | LK-CoDNM | ||
| 008 | 010623t2005 xxu||||| |||| 00| 1 Pali d | ||
| 040 |
_aLK-CoDNM _dLK-CoDNM _eLK-CoDNM |
||
| 041 |
_aPali _asin |
||
| 080 | _a294.3TRI | ||
| 100 |
_aSiri Anomadassi himi,Wendaruwe _etr. |
||
| 245 | _aඅපදානපාළි 2,ථෙරී අපදාන | ||
| 246 | _aApadanapali 2,Teri Apadana | ||
| 260 |
_bBuddhist Cultural Centre _aDehiwala _c2005 |
||
| 300 | _bxxiv,259p, 30 cm | ||
| 500 | _aBuddha Jayanti Tripitaka Series | ||
| 650 | _aBuddhism | ||
| 650 | _aSutra Pitaka | ||
| 650 | _aTeri Apadana | ||
| 942 | _cBK | ||
| 999 |
_c124510 _d124510 |
||